000 01224nam a22003131 4500
001 20851
003 BD-RjUL
005 20211209000623.0
008 140302s1968 enk b 001 1 eng
020 _a0521050448
035 _a(BD-RjUL)20913
040 _aDLC
_cDLC
_dBD-RjUL
_beng
041 _aeng
082 0 0 _a822.33
_bFRS 1968
100 1 _aFrost, David L.
_q(David Leonard),
_d1939-
_964398
245 1 4 _aThe school of Shakespeare :
_cDavid L. Frost.
_bthe influence of Shakespeare on English drama 1600-42 /
260 _aCambridge :
_bUniversity Press,
_cc1968.
300 _axi, 304 p. ;
_c22 cm.
504 _aInclude bibliography and index.
600 1 0 _aShakespeare, William,
_d1564-1616
_xInfluence.
_964406
650 0 _aEnglish drama
_y17th century
_xHistory and criticism.
_951110
650 0 _aInfluence (Literary, artistic, etc.)
_xHistory
_y17th century.
_964400
651 0 _aEngland
_xIntellectual life
_y17th century.
_960509
856 4 1 _3Table of contents only
_uhttp://www.loc.gov/catdir/enhancements/fy1002/68011283-t.html
856 4 2 _3Publisher description
_uhttp://www.loc.gov/catdir/enhancements/fy1002/68011283-d.html
942 _2ddc
_cBK
999 _c20851
_d20851